Xử lý tình huống xấu trong kinh doanh

Na minha lista:
Detalhes bibliográficos
Autor principal: Micale, Frances
Formato: Livro
Idioma:Undetermined
Publicado em: Hà Nội Lao động - Xã hội 2006
Assuntos:
Tags: Adicionar Tag
Sem tags, seja o primeiro a adicionar uma tag!
Thư viện lưu trữ: Trung tâm Học liệu Trường Đại học Cần Thơ
LEADER 00573nam a2200193Ia 4500
001 CTU_105065
008 210402s9999 xx 000 0 und d
020 |c 23000 
082 |a 658.456 
082 |b M619 
100 |a Micale, Frances 
245 0 |a Xử lý tình huống xấu trong kinh doanh 
245 0 |c Frances Micale 
260 |a Hà Nội 
260 |b Lao động - Xã hội 
260 |c 2006 
650 |a usiness meetings,Employee motivation,group facilitation 
904 |i Minh 
980 |a Trung tâm Học liệu Trường Đại học Cần Thơ